Klady a zápory migrace mladých pracovníků a jak docílit pozitivní efekty světové migrace

Perspektívy vývoja a riadenie migračných tokov za súčasného stavu ekonomiky. Orientácia politiky trhu práce a správna migračná politika. Podmienky fungovania migračnej politiky a medzinárodné štandardy práce.

Uložené v:
Podrobná bibliografia
Korporativný autor: International Labour Organization
Médium: Kapitola
Jazyk:Czech
Predmet:
Tagy: Pridať tag
Žiadne tagy, Buďte prvý, kto otaguje tento záznam!

MARC

LEADER 00000naa a2200000 4500
001 0182720
005 20221020082624.3
041 0 |a cze 
044 |a CZ 
245 1 0 |a Klady a zápory migrace mladých pracovníků a jak docílit pozitivní efekty světové migrace 
520 |a Perspektívy vývoja a riadenie migračných tokov za súčasného stavu ekonomiky. Orientácia politiky trhu práce a správna migračná politika. Podmienky fungovania migračnej politiky a medzinárodné štandardy práce. 
610 2 0 |a politika migračná 
610 2 0 |a politika zamestnanosti 
610 2 0 |a organizácie medzinárodné 
610 2 0 |a pohyb síl pracovných medzinárodný 
610 2 0 |a pracovníci mladí 
610 2 0 |a trh práce 
110 2 |a International Labour Organization